01165 a2200205 4500003000500000005001700005010001600022020001500038040000900053082001000062100002000072245005700092260003500149300003400184500006700218505059300285538002900878600003000907650002200937Nust20170207153500.0 a 90222668 a1860643752 cNust a950.21 aHartog, Leo de.10aGenghis Khan, conqueror of the worldcLeo de Hartog. aLondon :bI.B. Tauris,cc1989. avii, 230 p. :bill. ;c23 cm. aTranslation of: Djenghis Khan, 's werelds grootste veroveraar. aMongolia On The Eve Of The Birth Of Asia’s Greatest Son (Page-1) The Rise Of A Young Chief Of The Borjigins (Page-12) Ruler Of All Trivbes Living In Felt Tents (Page-24) The Yasa (Page-35) The Mongol Army (Page-42) The Rapacious Barbarians At China’s Northern Frontier (Page-55) The Prelude (Page-78) The Hurricane From The East (Page-94) The Great Raid (Page-116) After The Storm (Page-124) The Last Campaign (Page-133) The World Conqueror And His Empire (Page-139) In The Footsteps Of The Father (Page-149) The Mongol Invader In Europe (Page-164) The Last Phase Of Unity (Page-182)  aAlmirah No.62 Shelf No.100aGenghis Khan,d1162-1227. 0aMongolsxHistory.